00661nam a2200193Ia 4500008004100000100002300041245015200064260001100216300002100227440002600248521000900274650001900283650001600302650001800318650002100336942000700357999001900364952008400383140626s9999 xx 000 0 und d aBaldridge, David.. aWithholding requests for disability accommodation :b the role of individual differences and disability attributes /cDavid Baldridge ... [et al.]. cc2013. a39 : 3, page 743 aJournal of Management aBSBA aAccommodation. aDisability. aHelp seeking. aSocial identity. cSE c121027d121027 001040aCLbCLcPERd2014-06-26l0pS0135r2014-06-26 00:00:00w2014-06-26ySE